00418nam a2200169 a 450000100060000000300090000600800410001502000150005604000280007108200100009910000130010924500330012226000310015530000130018649000260019965000230022513419CO-ViMGA141112s2004 ck r 000 u spa d a958045681X aCO-ViMGAbspacCO-ViMGA04aDISav1 aDisney, 10aLas aventuras de Winnie pooh aBogotá : bNorma, c2000 a64 : ils aGran coleccion Disney14aCUENTOS INFANTILES